000 01268 a2200217 4500
003 Nust
005 20221121113550.0
010 _a6910274
040 _cNust
082 _a515.35,REI
100 _aEarl D. Rainville
_9103249
110 _aPhillip E.Bedient
_9103250
245 _aElementary Differential Equations /
_cEarl D. Rainville
250 _a4th ed.
260 _aNew york
_bMacmillan Comp
_c1969
300 _a466p
505 _aDefinitions, Elimination Of Arbitrary Constants (Page-1), Equations Of Order One (Page-16), Elementary Applications (Page-44), Linear Differential Equations (Page-82), Linear Equations With Constant Coefficients (Page-97), Non-Homogenious Equations (Page-110), Variations Of Parameters (Page-126), Inverse Differential Operators (Page-139), The Laplace Transform (Page-148), Applications (Page-201), System Of Equations (Page-222), Electric Circuits And Networks (Page-231), Nonlinear Equations (Page-252), The Power Series Method (Page-275), Numerical Methods (Page-343), Partial Differential Equations (Page-358), Orthogonal Sets (Page-372), Fourier Series (Page-380), Boundary Value Problems (Page-406).
600 _aEarl D. Rainville
_9103249
650 _aDifferential Equations
_9688
942 _2ddc
_cBK
_k515.35,REI
999 _c181476
_d181476